000
00225 a2200097 4500
001
42506
100
_a
Halperin H
245
_a
Contemporary military strategy
260
_a
London
_b
Faber and Faber
_c
090
_c
26419
_d
26419
942
_a
NUST-CAE
_c
M
_c
18246
999
_c
277579
_d
277579